00398 a2200109 4500001001000000005001700010008004100027245005700068100002200125773012400147999001700271ART_1311720260410161817.0260409a 10aLa ejecución de sentencias y la Ley de Presupuesto1 aAberastury, Pedro0 tRevista Juridica de Buenos AiresgEl derecho constitucional presupuestario en el derecho comparado (ene. 2010)wREV4315 c22004d22004